Providence displayed: or, the remarkable adventures of Alexander Selkirk, of Largo, in Scotland Who lived four years and four months by himfelf, on the Island of Juan Fernandez
Kaydedildi:
| Yazar: | |
|---|---|
| Materyal Türü: | Kitap |
| Dil: | İngilizce |
| Baskı/Yayın Bilgisi: |
Bristol
Biggs and Cottle
1800
|
| Edisyon: | 1a. ed |
| Konular: | |
| Etiketler: |
Etiketle
Etiket eklenmemiş, İlk siz ekleyin!
|
MARC
| LEADER | 00000cam a2200000 a 4500 | ||
|---|---|---|---|
| 001 | UCE5605 | ||
| 003 | CL-VaPUC | ||
| 008 | 150123e18000000uk |||||||||||||||||eng|d | ||
| 082 | 0 | 4 | |a 910.452 |b JAM |2 21 |
| 100 | 0 | |a James, Isaac |e author |9 578265 | |
| 245 | 1 | 0 | |a Providence displayed: or, the remarkable adventures of Alexander Selkirk, of Largo, in Scotland Who lived four years and four months by himfelf, on the Island of Juan Fernandez |
| 250 | |a 1a. ed | ||
| 300 | |a 194 p | ||
| 942 | |c BK | ||
| 945 | |d 20150123 15:06:00 |a arojas | ||
| 260 | |a Bristol |b Biggs and Cottle |c 1800 | ||
| 600 | 0 | 7 | |a SELKIRK, ALEXANDER |2 CL-VaPUC |9 518186 |
| 650 | 0 | |a Naufragios |9 317857 | |
| 650 | 0 | |a Viajes y expediciones |9 408124 | |
| 650 | 0 | |a Relatos de viajes |9 445424 | |
| 651 | 7 | |a JUAN FERNANDEZ |2 CL-VaPUC |9 384330 | |
| 583 | |a last modification |c 20150123 15:06:00 |k Rodrigo Vera | ||
| 999 | |c 358268 |d 358266 | ||
| 952 | |0 0 |1 0 |3 erd |4 0 |6 910_452000000000000_JAM_1800 |7 0 |8 X |9 466881 |a FDOBUD |b FDOBUD |i 5151341 |o 910.452 JAM 1800 |p 5151341 |r 2019-11-23 |w 2019-11-23 |y BK_X |z Catalogado en:20150123 |k BUD | ||